00279nam a2200121Ia 4500008004100000041000900041082001700050100001500067245002900082260003000111300000800141650000800149230718s9999 xx 000 0 und d aEng. a349.5bGHA-I aGhandi,B M 0aInterpretation of status aPakistanbirfan lawc2013 a213 aLaw